| 000 | 00441nam a2200145 4500 | ||
|---|---|---|---|
| 001 | 120509 | ||
| 003 | ES-MaACL | ||
| 007 | t| | ||
| 008 | 070214s1933 fr r ||||1| fre d | ||
| 100 | 1 |
_aPitollet, Lucien. _992418 |
|
| 245 | 1 | 0 |
_aSept mois de guerre dans una ambulance limousine, aoat 1914-fevrier 1915 / _cLucien Pitollet. |
| 260 |
_aLille : _bMercure Universel, _c1933. |
||
| 300 |
_a350 p. ; _c19 x 12 cm. |
||
| 852 |
_aES-MaACL _jB-7782 |
||
| 999 |
_c120509 _d120509 |
||